| 000 | 00475nam a22001577a 4500 | ||
|---|---|---|---|
| 005 | 20251108171842.0 | ||
| 008 | 250721s9999 xx 000 0 ara d | ||
| 082 | 1 | 4 | _a621.38/أمي |
| 100 | 1 | _aفهمي، أمين | |
| 245 | 1 | 0 | _aالأمن الإلكتروني في خدمة الإنسان / |
| 264 | 1 |
_aبيروت : _bدار الراتب الجامعية، |
|
| 300 | _a189ص | ||
| 650 | 1 | 7 | _aالهندسة الإلكترونية |
| 942 |
_2ddc _cBK |
||
| 999 |
_c64269 _d64269 |
||